000 00639nam a2200217Ia 4500
005 20250108124928.0
008 008 250107s9999 xx 000 0 eng d
037 _aTB
040 _aCRL
_beng
_cCRL
041 _aeng
_2eng
084 _aO1593,1NMOx R0
084 _qCRL
100 _aAhuja M. L. Au.
245 0 _aEncyclopedia of he world today: a compendium of global scenario
_cAhuja M. L. Au.
260 _aNew Delhi, India
_bSynergy Books India
_c2703
365 _aINR
_b295
490 _vVol. 1
650 _aENCYCLOPEDIAS AND DICTIONARIES
_977
942 _cTB
_hO1593,1NMOx R0
999 _c1235091
_d1235091